<Le> probleme des réformes comptables dans le passage a une économie de marché.

Základné princípy účtovníctva. Finančná informácia v trhovom hospodárstve. Finančná informácia v krajinách s plánovaným hospodárstvom. Problémy účtovníctva vyvolané reštrukturalizáciou, privatizáciou a vývojom finančných trhov. Profesionálna kvalifikácia účtovníckych expertov. Normalizácia a harmoni...

ver descrição completa

Na minha lista:
Detalhes bibliográficos
Formato: Capítulo de Livro
Idioma:francês
Assuntos:
Tags: Adicionar Tag
Sem tags, seja o primeiro a adicionar uma tag!

MARC

LEADER 00000naa a2200000 4500
001 r010079
005 20220913124633.0
041 0 |a fre 
044 |a FR 
245 1 0 |a <Le> probleme des réformes comptables dans le passage a une économie de marché. 
520 |a Základné princípy účtovníctva. Finančná informácia v trhovom hospodárstve. Finančná informácia v krajinách s plánovaným hospodárstvom. Problémy účtovníctva vyvolané reštrukturalizáciou, privatizáciou a vývojom finančných trhov. Profesionálna kvalifikácia účtovníckych expertov. Normalizácia a harmonizácia účtovníctva. (CCEET/OCDE, La réforme comptable dans les pays d'Europe centrale et orientale 1991). 
610 2 0 |a účtovníctvo 
610 2 0 |a transformácia 
610 2 0 |a privatizácia 
610 2 0 |a východná Európa 
610 2 0 |a pracovníci kvalifikovaní 
610 2 0 |a účtovníci 
610 2 0 |a experti 
610 2 0 |a trh kapitálový